[Event "27th North American Open"]
[Site "Las Vegas"]
[Date "2017.12.30"]
[Round "9"]
[White "Kavutskiy, Konstantin"]
[Black "Paragua, Mark"]
[Result "1/2-1/2"]
[WhiteElo "2369"]
[BlackElo "2513"]
[PlyCount "123"]
[EventDate "2017.12.??"]
[EventType "swiss"]
[EventRounds "9"]
[EventCountry "USA"]
[Source "MonRoi"]

1. d4 Nf6 2. c4 g6 3. Nc3 d5 4. cxd5 Nxd5 5. e4 Nxc3 6. bxc3 Bg7 7. Be3 c5 8.
Nf3 Qa5 9. Nd2 cxd4 10. Nc4 Qd8 11. cxd4 O-O 12. Rc1 f5 13. Qb3 Kh8 14. Ne5 f4
15. Bd2 Nc6 16. Nf7+ Rxf7 17. Qxf7 Nxd4 18. Bc4 f3 19. gxf3 Bh3 20. Rg1 Qd6 21.
Rg3 Be6 22. Bxe6 Nxe6 23. Rh3 Rd8 24. Be3 Qd3 25. e5 Nd4 26. Bxd4 Qxd4 27. Kf1
Qd2 28. Re1 Qg5 29. Rg3 Qh4 30. Kg2 Rf8 31. Qe6 Bh6 32. Qg4 Qh5 33. Rh3 Qg5 34.
Rd1 Rf5 35. e6 Qf6 36. Qd4 Kg7 37. Qxf6+ Rxf6 38. Rd7 Rxe6 39. Rh4 Bg5 40. Ra4
b5 41. Raxa7 Re2 42. Rd5 Bh4 43. Rxb5 Rxf2+ 44. Kh3 Bf6 45. Kg3 Re2 46. Rb3 g5
47. f4 gxf4+ 48. Kxf4 Rxh2 49. a4 Rh4+ 50. Kg3 h5 51. a5 Ra4 52. a6 Kf7 53. Ra8
Be5+ 54. Kh3 Ra2 55. Kh4 Kg6 56. Rb6+ Kf5 57. Rf8+ Bf6+ 58. Kh3 Ra3+ 59. Kg2 h4
60. Rb5+ Ke6 61. Rb6+ Kd7 62. Rfxf6 1/2-1/2

[Event "27th North American Open"]
[Site "Las Vegas"]
[Date "2017.12.30"]
[Round "9"]
[White "Aaron, Deepak"]
[Black "Sheng, Joshua"]
[Result "1/2-1/2"]
[WhiteElo "2307"]
[BlackElo "2392"]
[PlyCount "128"]
[EventDate "2017.12.??"]
[EventType "swiss"]
[EventRounds "9"]
[EventCountry "USA"]
[Source "MonRoi"]

1. e4 c5 2. Nf3 Nc6 3. d4 cxd4 4. Nxd4 g6 5. Nc3 Bg7 6. Be3 Nf6 7. Be2 O-O 8.
f4 d6 9. Nb3 a5 10. a4 Be6 11. O-O Qc8 12. Qd2 Nb4 13. Nd4 Bc4 14. f5 Bxe2 15.
Qxe2 Nc6 16. Rad1 Ne5 17. Nf3 Nc4 18. Bc1 Nb6 19. Kh1 Qc4 20. Qf2 Nbd7 21. Qh4
Rfe8 22. Bh6 Bh8 23. fxg6 fxg6 24. Be3 Qb4 25. Ng5 h5 26. Ne6 Qc4 27. Nf4 Nf8
28. Rf3 Ng4 29. Nfd5 Bxc3 30. bxc3 Qxe4 31. h3 Qxc2 32. Rdf1 Qe4 33. Nc7 Nf6
34. Qf2 N8d7 35. Nxa8 Rxa8 36. Bd4 Qc6 37. Re1 Re8 38. Qc2 Kf7 39. Qb3+ d5 40.
Rfe3 e6 41. Qc2 Ne4 42. Rf3+ Kg8 43. Ref1 e5 44. Bg1 Re6 45. Bh2 Qc7 46. Qc1
Ndf6 47. Qh6 Qg7 48. Qe3 Kh7 49. Bxe5 Rxe5 50. Rxf6 Re7 51. R6f3 Ng3+ 52. Rxg3
Rxe3 53. Rxe3 d4 54. Ref3 Kh6 55. Rf7 Qe5 56. cxd4 Qxd4 57. R7f4 Qe5 58. h4 b5
59. axb5 Qxb5 60. Ra1 Qe5 61. Rfa4 Qf6 62. R1a2 Qe5 63. Kg1 Qg3 64. R2a3 Qe5
1/2-1/2

[Event "27th North American Open"]
[Site "Las Vegas"]
[Date "2017.12.30"]
[Round "9"]
[White "Taghizadeh, Rayan"]
[Black "Kung, Thomas"]
[Result "1-0"]
[WhiteElo "2346"]
[BlackElo "2188"]
[PlyCount "95"]
[EventDate "2017.12.??"]
[EventType "swiss"]
[EventRounds "9"]
[EventCountry "USA"]
[Source "MonRoi"]

1. d4 d5 2. Bf4 Nf6 3. e3 e6 4. Nd2 c5 5. c3 Bd6 6. Bg3 O-O 7. Bd3 Qc7 8. Ngf3
Nbd7 9. Qe2 e5 10. dxe5 Nxe5 11. Nxe5 Bxe5 12. Nf3 Bxg3 13. hxg3 h6 14. Rh4 Re8
15. Qc2 Bd7 16. O-O-O b5 17. Bf5 Bc6 18. g4 Ne4 19. g5 hxg5 20. Rh3 g6 21. Bxe4
dxe4 22. Nxg5 Qe7 23. Rg3 Kg7 24. Nh3 Rad8 25. Nf4 Rh8 26. Rh3 Rxd1+ 27. Qxd1
Rd8 28. Qh1 Qg5 29. Rh7+ Kf8 30. Rh8+ Ke7 31. Rxd8 Kxd8 32. Qh8+ Kc7 33. Qf8
Qf5 34. g4 Qxg4 35. Qxf7+ Kb6 36. Ne6 Ka6 37. Nxc5+ Kb6 38. Qf6 b4 39. cxb4 Qe2
40. Qd4 Qe1+ 41. Kc2 Qxf2+ 42. Kc3 Qe1+ 43. Kb3 Kc7 44. a4 Qb1 45. Qe5+ Kc8 46.
Qd6 Be8 47. Qd5 Kc7 48. Ne6+ 1-0

[Event "27th North American Open"]
[Site "Las Vegas"]
[Date "2017.12.30"]
[Round "9"]
[White "Niemann, Hans"]
[Black "Gorti, Akshita"]
[Result "0-1"]
[WhiteElo "2297"]
[BlackElo "2194"]
[PlyCount "137"]
[EventDate "2017.12.??"]
[EventType "swiss"]
[EventRounds "9"]
[EventCountry "USA"]
[Source "MonRoi"]

1. d4 e6 2. Nf3 Nf6 3. Bf4 c5 4. c3 d5 5. e3 Nc6 6. Nbd2 Bd6 7. Bg3 O-O 8. Bd3
b6 9. Ne5 Bb7 10. O-O Rc8 11. f4 Ne7 12. Qb1 g6 13. Bf2 cxd4 14. exd4 Nf5 15.
Qe1 Be7 16. Bh4 Nxh4 17. Qxh4 Ne4 18. Qe1 f6 19. Nef3 f5 20. Ne5 Bf6 21. Ndf3
Qe7 22. a4 a5 23. Qe2 Nd6 24. Ra3 Ne4 25. Rb3 Qd6 26. Bb5 Rcd8 27. g3 Kg7 28.
Kg2 h6 29. h4 h5 30. Kh2 Rh8 31. Bd3 Rc8 32. Ra1 Rc7 33. Raa3 Rhc8 34. Ba6 Ra8
35. Bxb7 Rxb7 36. Rb5 Qc7 37. Nd2 Nd6 38. Rbb3 Rc8 39. Nd3 Qd7 40. Ra1 Re8 41.
Rba3 Rc8 42. Nf2 Rbc7 43. Nd1 Rb7 44. Ne3 Rbc7 45. Rb3 Rb8 46. Nc2 Rcb7 47. Na3
Qxa4 48. Nc2 Qd7 49. Ne3 Rc8 50. Kh3 Rcb8 51. Nc2 Rc8 52. Na3 Ne4 53. Nxe4 dxe4
54. Qb5 Qxb5 55. Rxb5 Rc6 56. Nc2 Rd7 57. Ne3 Kf7 58. Ra4 Rdc7 59. Kg2 Bd8 60.
Kf2 Rc8 61. Ke2 Bc7 62. Rc4 Rxc4 63. Nxc4 Rb8 64. Ne5+ Bxe5 65. fxe5 Ke7 66. c4
Rc8 67. c5 bxc5 68. dxc5 a4 69. Ke3 0-1

[Event "27th North American Open"]
[Site "Las Vegas"]
[Date "2017.12.30"]
[Round "9"]
[White "Atoufi, Pedram"]
[Black "Jayaraman, Arvind"]
[Result "1-0"]
[WhiteElo "2284"]
[BlackElo "2166"]
[PlyCount "113"]
[EventDate "2017.12.??"]
[EventType "swiss"]
[EventRounds "9"]
[EventCountry "USA"]
[Source "MonRoi"]

1. e4 e5 2. Nf3 Nc6 3. Bb5 Nf6 4. Nc3 Bb4 5. O-O O-O 6. d3 d6 7. Bg5 Ne7 8. Nh4
c6 9. Bc4 Ne8 10. Qh5 Nc7 11. Nf5 Bxf5 12. exf5 d5 13. f6 dxc4 14. fxg7 Kxg7
15. Qh6+ Kg8 16. Bf6 Ne6 17. Ne4 Nf5 18. Qh3 Be7 19. Qxf5 Bxf6 20. Nxf6+ Kg7
21. Ne4 Qe7 22. Qxe5+ f6 23. Qg3+ Kh8 24. dxc4 Nd4 25. Qd3 Rad8 26. Rae1 Rg8
27. Ng3 Qf7 28. Re4 c5 29. Rfe1 Rd7 30. c3 Nc6 31. Qe2 Rgd8 32. Nf5 Rf8 33. f4
b6 34. h4 Qg6 35. Re8 Rd8 36. Rxf8+ Rxf8 37. Qe6 Nd8 38. Qd5 Nf7 39. Re7 Nh6
40. Nxh6 Qxh6 41. g3 Qg6 42. Kh2 Rg8 43. Qg2 a5 44. Re3 Qb1 45. a3 a4 46. Qe2
Qg6 47. Qd3 Qf7 48. f5 Re8 49. Qd5 Qf8 50. Re6 Rd8 51. Qc6 Qh6 52. Re8+ Rxe8
53. Qxe8+ Kg7 54. Qe7+ Kg8 55. Kh3 Qc1 56. Qxf6 h5 57. Qg5+ 1-0

[Event "27th North American Open"]
[Site "Las Vegas"]
[Date "2017.12.30"]
[Round "9"]
[White "Zhang, Xiaopeng"]
[Black "Easton, Jack"]
[Result "1/2-1/2"]
[WhiteElo "2265"]
[BlackElo "2110"]
[PlyCount "172"]
[EventDate "2017.12.??"]
[EventType "swiss"]
[EventRounds "9"]
[EventCountry "USA"]
[Source "MonRoi"]

1. e4 d5 2. exd5 Qxd5 3. Nc3 Qa5 4. d4 Nf6 5. Bc4 c6 6. Nge2 g6 7. Bf4 Bg7 8.
Qd2 Nbd7 9. O-O-O O-O 10. f3 b5 11. Bb3 Nb6 12. h4 b4 13. Ne4 Nxe4 14. fxe4 c5
15. dxc5 Na4 16. Bxa4 Qxa4 17. Kb1 h5 18. Bg5 Bg4 19. Rhe1 Rfe8 20. Qe3 Rac8
21. Rd3 Bxe2 22. Rxe2 Qb5 23. Red2 Rxc5 24. Rd7 a5 25. Qd3 Qxd3 26. R2xd3 Re5
27. Re3 f5 28. exf5 Rxe3 29. Bxe3 gxf5 30. Kc1 e5 31. g3 Rb8 32. Rd5 a4 33. Ra5
a3 34. bxa3 bxa3 35. Rxa3 Rb4 36. Kd2 Rg4 37. Bg5 Bf8 38. Rf3 Bb4+ 39. c3 Bd6
40. Rxf5 Rxg3 41. Be3 Rg2+ 42. Kd3 Rxa2 43. Rxh5 Ra4 44. c4 Be7 45. Bg5 Bc5 46.
Bf6 e4+ 47. Kxe4 Rxc4+ 48. Kd5 Ra4 49. Ke6 Ra6+ 50. Kf5 Bf8 51. Rh8+ Kf7 52.
Rh7+ Kg8 53. Rb7 Rc6 54. Kg6 Ra6 55. h5 Rc6 56. Rf7 Ra6 57. Rc7 Rb6 58. Rc8 Rb7
59. h6 Rg7+ 60. Kf5 Rh7 61. Bg7 Rxg7 62. hxg7 Kxg7 63. Rc7+ Kh6 64. Kf6 Kh5 65.
Rc4 Ba3 66. Kf5 Kh6 67. Rc6+ Kg7 68. Rg6+ Kf7 69. Ra6 Bb2 70. Ra7+ Kf8 71. Ke6
Bc3 72. Rf7+ Kg8 73. Rf3 Bb2 74. Ke7 Kg7 75. Rb3 Ba1 76. Ke6 Kg6 77. Rb1 Bc3
78. Rg1+ Kh6 79. Kf5 Bb2 80. Rg6+ Kh7 81. Rb6 Bc3 82. Kg5 Kg7 83. Kf5 Ba1 84.
Rg6+ Kf7 85. Ra6 Bb2 86. Ra7+ Kf8 1/2-1/2

[Event "27th North American Open"]
[Site "Las Vegas"]
[Date "2017.12.30"]
[Round "9"]
[White "Ravuri, Vinesh"]
[Black "Talyansky, Seth"]
[Result "1/2-1/2"]
[WhiteElo "2003"]
[BlackElo "2259"]
[PlyCount "126"]
[EventDate "2017.12.??"]
[EventType "swiss"]
[EventRounds "9"]
[EventCountry "USA"]
[Source "MonRoi"]

1. d4 d5 2. c4 c6 3. Nf3 Nf6 4. e3 e6 5. b3 Nbd7 6. Bb2 Bd6 7. Nbd2 O-O 8. Bd3
b6 9. O-O Bb7 10. Ne5 c5 11. cxd5 exd5 12. Nxd7 Nxd7 13. Qh5 Nf6 14. Qh3 h6 15.
Rad1 Bc8 16. Qh4 Ng4 17. Qxd8 Bxh2+ 18. Kh1 Rxd8 19. f3 Nxe3 20. Kxh2 a5 21.
Rc1 Nxf1+ 22. Nxf1 a4 23. dxc5 bxc5 24. Rxc5 axb3 25. axb3 Ba6 26. Bxa6 Rxa6
27. Bd4 Ra2 28. b4 Ra4 29. Rb5 Ra3 30. Ne3 Rd3 31. Nf5 Kh7 32. Rb7 Kg6 33. Ne7+
Kh7 34. Nc6 Rd6 35. Rxf7 Rxc6 36. Rxg7+ Kh8 37. Rg6+ Rxd4 38. Rxc6 Kg7 39. b5
Rb4 40. b6 d4 41. Kg3 d3 42. Kf2 Rb2+ 43. Ke3 Rxg2 44. Kxd3 Rb2 45. Ke4 h5 46.
Kf4 Rb4+ 47. Kg5 Rb5+ 48. Kh4 Kf7 49. Kg3 Kg7 50. Kf2 h4 51. Kg2 Rb3 52. Rd6
Kf7 53. Rh6 Kg7 54. Rc6 Kf7 55. Rd6 h3+ 56. Kxh3 Rxf3+ 57. Kg4 Rb3 58. Kf5 Ke7
59. Rh6 Kd7 60. Ke5 Kc8 61. Kd5 Kb7 62. Kc5 Rc3+ 63. Kb4 Rg3 1/2-1/2

[Event "27th North American Open"]
[Site "Las Vegas"]
[Date "2017.12.30"]
[Round "9"]
[White "Ghatti, Sanjay"]
[Black "Yanayt, Eugene"]
[Result "1-0"]
[WhiteElo "2212"]
[BlackElo "2173"]
[PlyCount "39"]
[EventDate "2017.12.??"]
[EventType "swiss"]
[EventRounds "9"]
[EventCountry "USA"]
[Source "MonRoi"]

1. e4 c5 2. Nf3 Nc6 3. d4 cxd4 4. Nxd4 g6 5. Nc3 Bg7 6. Be3 Nf6 7. Bc4 O-O 8.
Bb3 Re8 9. O-O d6 10. h3 Na5 11. f4 b6 12. Ba4 Nd7 13. Qe2 Bb7 14. f5 Rc8 15.
fxg6 hxg6 16. h4 Rc4 17. Rad1 e5 18. Ndb5 Rxc3 19. Nxc3 Qxh4 20. Bxd7 1-0

[Event "27th North American Open"]
[Site "Las Vegas"]
[Date "2017.12.30"]
[Round "9"]
[White "Inapuri, Ramya"]
[Black "Johnston, Daniel"]
[Result "1-0"]
[WhiteElo "2143"]
[BlackElo "2022"]
[PlyCount "133"]
[EventDate "2017.12.??"]
[EventType "swiss"]
[EventRounds "9"]
[EventCountry "USA"]
[Source "MonRoi"]

1. d4 Nf6 2. g3 g6 3. Bg2 d5 4. Nf3 Bg7 5. O-O O-O 6. b3 c5 7. Bb2 cxd4 8. Bxd4
Nc6 9. Bb2 Bf5 10. Na3 Qa5 11. Qe1 Qc5 12. c4 d4 13. Nb5 Rfd8 14. Rd1 e5 15. h3
Bh6 16. Ba3 Qb6 17. Bd6 Ne8 18. Ba3 Bc2 19. Ra1 e4 20. Nh2 d3 21. exd3 exd3 22.
Ng4 Bg7 23. Qd2 a6 24. Nc3 Qa5 25. Bb2 Nd4 26. Rfe1 Rab8 27. Kh1 h5 28. Nh6+
Kf8 29. Bd5 Rxd5 30. Nxd5 Qc5 31. Qf4 Nd6 32. Nxf7 N4f5 33. Bxg7+ Kxg7 34. Nxd6
Qxd6 35. Qxd6 Nxd6 36. Nb4 d2 37. Nxc2 dxe1=Q+ 38. Rxe1 Kf7 39. Kg2 Nf5 40. Rd1
Ke7 41. Nb4 Ke6 42. Nd5 Rc8 43. Nf4+ Kf6 44. Rd7 b5 45. cxb5 axb5 46. Rb7 Ra8
47. Rxb5 Rxa2 48. Rb6+ Ke5 49. Nxg6+ Kd4 50. Nf4 h4 51. g4 Ng3 52. Ne6+ Kd5 53.
Ng5 Ne2 54. Rb4 Nc3 55. Kf3 Ra8 56. Nh7 Ra7 57. Nf6+ Ke5 58. Rc4 Nb1 59. Ne4
Rb7 60. b4 Ra7 61. Rc5+ Kd4 62. Kf4 Re7 63. f3 Na3 64. g5 Nc4 65. g6 Ne5 66.
Rxe5 Rxe5 67. g7 1-0